| 000 | 00511cam a22002051 4500 | ||
|---|---|---|---|
| 001 | ne 62000128 | ||
| 003 | DLC | ||
| 005 | 20260227111734.0 | ||
| 008 | 881028s1946 xx 000 0 ara | ||
| 010 | _ane 62000128 | ||
| 035 | _a(OCoLC)23485229 | ||
| 040 |
_aDLC _cMiU _dDLC |
||
| 042 | _apremarc | ||
| 050 | 0 | 0 |
_aPJ7745.I17 _bA17 1946 |
| 100 | 2 |
_aIbn Durayd, Muḥammad ibn al-Ḥasan, _d837 or 838-933. |
|
| 245 | 1 | 0 | _aDīwān. |
| 260 | _c[1946] | ||
| 300 |
_a4, 143 p. _c25 cm. |
||
| 500 | _aRomanized. | ||
| 999 |
_c44996 _d44996 |
||